000 00701nam a2200205Ia 4500
001 12931
003 GE_BSU
008 181216s||||||||xx |||||||||||||| ||und||
040 _cGE_BSU
080 _a581.7
100 _aСабинин,Д.А.
245 _aИзбранные труды по минеральному питанию растении
245 _cОтв.ред.А.К.Курсанов. Ред.Г.В.Красильникова. Н.А.Потехина
260 _aМосква
260 _bНаука
260 _c1971
300 _a512стр.фото.26см.
653 _aИзбранные труды по минеральному питанию растении
942 _cBK
999 _c46100
_d46100